The MT global salary survey (Record no. 73197)
[ view plain ]
| 000 -LEADER | |
|---|---|
| fixed length control field | 01241cam a2200253 4500 |
| 001 - CONTROL NUMBER | |
| control field | ABS66876 |
| 008 - FIXED-LENGTH DATA ELEMENTS--GENERAL INFORMATION | |
| fixed length control field | 030808n2003 000 0 eng u |
| 035 ## - SYSTEM CONTROL NUMBER | |
| System control number | (Sirsi) u123245 |
| 100 ## - MAIN ENTRY--PERSONAL NAME | |
| Personal name | Saunders, A. |
| 245 #4 - TITLE STATEMENT | |
| Title | The MT global salary survey |
| 260 ## - PUBLICATION, DISTRIBUTION, ETC. | |
| Date of publication, distribution, etc. | 2003 |
| 490 ## - SERIES STATEMENT | |
| Series statement | Management Today |
| Volume/sequential designation | July 2003, 45-49(5) |
| 520 ## - SUMMARY, ETC. | |
| Summary, etc. | The "Management Today" global salary survey looks at the wages for various areas around the world. Shows that the United States is still the favoured place for management wanting to earn good salaries but Australia also does well. Mentions that in the UK investors have been most flustrated by 'golden parachutes' whereby huge sums of money are given to some executives in the event of their contracts being terminated. However, Britain reports higher levels of job satisfaction than France and Germany. With tables of findings from the survey including time taken during the working week and job satisfaction. |
| 590 ## - LOCAL NOTE (RLIN) | |
| Local note | ABS |
| 650 ## - SUBJECT ADDED ENTRY--TOPICAL TERM | |
| Topical term or geographic name entry element | SALARY SURVEYS |
| 650 ## - SUBJECT ADDED ENTRY--TOPICAL TERM | |
| Topical term or geographic name entry element | SALARY INCREASES |
| 650 ## - SUBJECT ADDED ENTRY--TOPICAL TERM | |
| Topical term or geographic name entry element | JOB SATISFACTION |
| 650 ## - SUBJECT ADDED ENTRY--TOPICAL TERM | |
| Topical term or geographic name entry element | UNITED STATES |
| 650 ## - SUBJECT ADDED ENTRY--TOPICAL TERM | |
| Topical term or geographic name entry element | AUSTRALIA |
| 650 ## - SUBJECT ADDED ENTRY--TOPICAL TERM | |
| Topical term or geographic name entry element | MANAGEMENT |
| 650 ## - SUBJECT ADDED ENTRY--TOPICAL TERM | |
| Topical term or geographic name entry element | MT GLOBAL SALARY SURVEY |
| 690 ## - LOCAL SUBJECT ADDED ENTRY--TOPICAL TERM (OCLC, RLIN) | |
| Topical term or geographic name as entry element | MANAGEMENT-BUSINESS MANAGEMENT |
| 942 ## - ADDED ENTRY ELEMENTS (KOHA) | |
| Suppress in OPAC | 0 |
| Withdrawn status | Lost status | Source of classification or shelving scheme | Damaged status | Not for loan | Home library | Current library | Shelving location | Date acquired | Total Checkouts | Full call number | Barcode | Date last seen | Copy number | Price effective from | Koha item type |
|---|---|---|---|---|---|---|---|---|---|---|---|---|---|---|---|
| Dewey Decimal Classification | London | London | Journal article | 08/08/2003 | ABS66876 | 123245-1001 | 06/08/2019 | 1 | 06/08/2019 | Journal article |